000
00345nam a2200145Ia 4500
008
230717s9999 xx 000 0 und d
020
_a
0-421-41360-3
041
_a
eng
082
_a
340
_b
MIE
100
_a
Miers D.R
245
_a
Legislation
250
_a
2ed.
260
_a
London
_b
Sweet And Maxwell Limited
_c
1990
700
_a
Page A.C.,
999
_c
671379
_d
671379